[Event "Reykjavik op"]
[Site "Reykjavik"]
[Date "2024.03.20"]
[Round "8"]
[White "Wollkind, Steven"]
[Black "Jaroszewicz, Dawid"]
[Result "0-1"]
[WhiteElo "1607"]
[BlackElo "1757"]
[PlyCount "72"]
[EventDate "2024.03.15"]
[EventType "swiss"]
[EventRounds "9"]
[EventCountry "ISL"]
[SourceTitle "CB13_2024"]
[SourceDate "2024.03.27"]
[SourceVersion "1"]
[SourceVersionDate "2024.03.27"]
[SourceQuality "1"]

1. e4 c5 2. Nc3 e6 3. Nf3 a6 4. d4 cxd4 5. Nxd4 b5 6. a4 b4 7. Na2 Bb7 8. Bd3 d5 9. e5 Qc7 10. f4 Nc6 11. Be3 Bc5 12. Nxe6 fxe6 13. Bxc5 Qa5 14. Qh5+ g6 15. Bxg6+ hxg6 16. Qxg6+ Kd7 17. Qf7+ Nge7 18. Bxe7 Nxe7 19. 0-0-0 Qxa4 20. Kb1 Raf8 21. Qg7 Rfg8 22. Qf7 Rxg2 23. b3 Qc6 24. Nc1 a5 25. c4 d4 26. Rde1 Rgxh2 27. Rxh2 Rxh2 28. f5 exf5 29. e6+ Kd8 30. Qf8+ Qe8 31. Qg7 Be4+ 32. Rxe4 fxe4 33. Qxd4+ Kc8 34. Qa7 Nc6 35. Qa8+ Nb8 36. Qxe4 Qh8 0-1